| 000 | 00604nam a22002057a 4500 | ||
|---|---|---|---|
| 003 | OSt | ||
| 005 | 20240829095234.0 | ||
| 008 | 240829b |||||||| |||| 00| 0 eng d | ||
| 020 | _a9788126907830 | ||
| 040 |
_aMMU _beng _cMMU _dMMU |
||
| 050 |
_aZ 696 _b.S53 2007 |
||
| 100 |
_aSharma, C K. _91073 |
||
| 245 |
_aLibrary classification/ _cC. K. Sharma, Amit K. Sharma. |
||
| 260 |
_aNew Delhi : _bAtlantic publishers & distributors, _c2007. |
||
| 300 | _ax, 253 pages : | ||
| 504 | _aincludes index | ||
| 650 |
_aLibrary classification _91414 |
||
| 700 |
_aSharma Amit K. _91415 |
||
| 942 |
_2lcc _cLOAN LOAN |
||
| 999 |
_c32923 _d32920 |
||